| 000 | 00579nam a2200193Ia 4500 | ||
|---|---|---|---|
| 005 | 20250317131250.0 | ||
| 008 | 008 250317s9999 xx 000 0 eng d | ||
| 020 | _a0-691-04301-9 | ||
| 037 | _aTextbook | ||
| 040 |
_aFMSL _beng _cFMSL |
||
| 041 |
_aeng _2eng |
||
| 084 |
_aX:8DobB N7 _qFMSL |
||
| 100 |
_aCampbell J Y _9735888 |
||
| 245 | 0 | _aEconometrics of ficial markets | |
| 260 |
_aNew Jersey _bNew Jersey, Preincepton University Press _c1997 |
||
| 300 | _axviii,611 | ||
| 942 |
_cTB _hX:8DobB N7 |
||
| 999 |
_c1267399 _d1267399 |
||